Safety-critical systems : (Record no. 22340)
[ view plain ]
| 000 -LEADER | |
|---|---|
| fixed length control field | 01160cam a2200265 a 4500 |
| 001 - CONTROL NUMBER | |
| control field | 15575701 |
| 005 - DATE AND TIME OF LATEST TRANSACTION | |
| control field | 20161120120853.0 |
| 008 - FIXED-LENGTH DATA ELEMENTS--GENERAL INFORMATION | |
| fixed length control field | 090106t2009 enka frb 100 0 eng d |
| 020 ## - INTERNATIONAL STANDARD BOOK NUMBER | |
| International Standard Book Number | 9781848823488 |
| 040 ## - CATALOGING SOURCE | |
| Original cataloging agency | YDXCP |
| Transcribing agency | YDXCP |
| Modifying agency | BWX |
| -- | IXA |
| -- | NLE |
| -- | GBVCP |
| -- | DLC |
| -- | EG-ScBUE |
| Language of cataloging | eng |
| 082 04 - DEWEY DECIMAL CLASSIFICATION NUMBER | |
| Edition number | 22 |
| Classification number | 620.86 |
| Item number | SAF |
| 111 2# - MAIN ENTRY--MEETING NAME | |
| Meeting name or jurisdiction name as entry element | Safety-Critical Systems Symposium |
| Number of part/section/meeting | (17th : |
| Date of meeting | 2009 : |
| Location of meeting | Brighton, England) |
| 245 10 - TITLE STATEMENT | |
| Title | Safety-critical systems : |
| Remainder of title | problems, process, and practice : proceedings of the Seventeenth Safety-Critical Systems Symposium, Brighton, UK, 3-5 February 2009 / |
| Statement of responsibility, etc | editors Chris Dale, Tom Anderson. |
| 260 ## - PUBLICATION, DISTRIBUTION, ETC. (IMPRINT) | |
| Place of publication, distribution, etc | London : |
| Name of publisher, distributor, etc | Springer-Verlag, |
| Date of publication, distribution, etc | c.2009. |
| 300 ## - PHYSICAL DESCRIPTION | |
| Extent | x, 243 p. : |
| Other physical details | ill. ; |
| Dimensions | 24 cm. |
| 500 ## - GENERAL NOTE | |
| General note | "Safety-Critical Systems Club." |
| 500 ## - GENERAL NOTE | |
| General note | "The publication of these proceedings is sponsored by BAE Systems plc." |
| 504 ## - BIBLIOGRAPHY, ETC. NOTE | |
| Bibliography, etc | Includes bibliographical references. |
| 650 #7 - SUBJECT ADDED ENTRY--TOPICAL TERM | |
| Topical term or geographic name as entry element | Industrial safety |
| Form subdivision | Congresses. |
| Source of heading or term | BUEsh |
| 9 (RLIN) | 41081 |
| 653 ## - INDEX TERM--UNCONTROLLED | |
| Resource For college | Informatics and Computer Science |
| Arrived date list | September2016 |
| 650 #7 - SUBJECT ADDED ENTRY--TOPICAL TERM | |
| 9 (RLIN) | 41082 |
| Topical term or geographic name as entry element | Automatic control |
| General subdivision | Reliability |
| Form subdivision | Congresses. |
| Source of heading or term | BUEsh |
| 700 1# - ADDED ENTRY--PERSONAL NAME | |
| Personal name | Dale, Chris, |
| Dates associated with a name | 1953- |
| Relator term | editor. |
| 700 1# - ADDED ENTRY--PERSONAL NAME | |
| Personal name | Anderson, Tom, |
| Dates associated with a name | 1947- |
| Relator term | editor. |
| 942 ## - ADDED ENTRY ELEMENTS (KOHA) | |
| Source of classification or shelving scheme | Dewey Decimal Classification |
| Withdrawn status | Item status | Source of classification or shelving scheme | Damaged status | Not for loan | Vendor | Home library | Current library | Shelving location | Date acquired | Source of acquisition | Cost, normal purchase price | Serial Enumeration / chronology | Total Checkouts | Full call number | Barcode | Date last seen | Cost, replacement price | Koha item type |
|---|---|---|---|---|---|---|---|---|---|---|---|---|---|---|---|---|---|---|
| Dewey Decimal Classification | Baccah | Central Library | Central Library | First floor | 08/09/2016 | Purchase | 835.20 | 2000088 | 620.86 SAF | 000033600 | 15/07/2025 | 1044.00 | Book - Borrowing |